000 00901nam0a22002651 4500
001 rc\3225723
005 20130115141146.8
021 _aRU
_b[72-23073]
035 _a(NLR Aleph) 007469165
090 _a7397969
_c7397969
100 _a20130115d1972 |||y0rusy50 ca
101 0 _arus
102 _aRU
105 _aa z |||||
200 1 _aЗа решеткой
_eБорьба полит. заключенных против реакции и фашизма в буржуазной Литве. (1919-1940 гг.)
210 _aМосква
_cПолитиздат
_d1972
215 _a160 с., 4 л. ил.
_d20
601 2 _aКП Литвы
_xИстория
_2psbo
606 _aТюрьма в Литве
_2psbo
700 1 _aЯцовскис
_bЕ. Я.
_gЕвсей Яковлевич
801 0 _aRU
_bNLR
_gpsbo
801 1 _aRU
_bELAR
_2rusmarc
852 _aNLR
_j72-3/3179
942 _cBOOK
980 _aNB